| 000 | 00000nam 2200000za 4500 |
| 001 | 9.832082 |
| 003 | CaOODSP |
| 005 | 20221107145912 |
| 007 | cr ||||||||||| |
| 008 | 170209s1916 onc #of f000 0 eng d |
| 040 | |aCaOODSP|beng |
| 043 | |an-cn-mb|an-cn-sn|an-cn-ab |
| 086 | 1 |aCS98-1916IE-PDF|zCS98-1916I |
| 245 | 00|aCensus of Manitoba, Saskatchewan and Alberta 1916, instructions to commissioners and enumerators |h[electronic resource]. |b |
| 246 | 30|aInstructions to commissioners and enumerators |
| 260 | |aOttawa : |bCensus and Statistics Office, Department of Trade and Commerce,|c1916 |f(Government Printing Bureau) |
| 300 | |a48 p. |
| 500 | |a"Approved by Order in Council 24th March, 1916." |
| 500 | |aHistorical census publication digitized in 2009 [by Statistics Canada]. |
| 500 | |aIssued also in French under title: Recensements de Manitoba, Saskatchewan et Alberta, 1916, instructions aux commissaires et recenseurs. |
| 520 | 0 |aContains instructions to officers employed in the taking of the census. Includes an Appendix, "Extracts from the Census and Statistics Act, Chapter 68, Revised Statutes of Canada, 1906". |
| 692 | 07|2gccst|aCensus |
| 692 | 07|2gccst|aHandbooks |
| 710 | 1 |aCanada.|bCensus and Statistics Office. |
| 775 | 08|tRecensements de Manitoba, Saskatchewan et Alberta, 1916, instructions aux commissaires et recenseurs |w(CaOODSP)9.832087 |
| 794 | |tCensus of Manitoba, Saskatchewan and Alberta 1926, instructions to commissioners and enumerators |w(CaOODSP)9.830351 |
| 856 | 40|qPDF|s1.52 MB|uhttps://publications.gc.ca/collections/collection_2017/statcan/CS98-1916I-eng.pdf |